000 00737nam a2200241 a 4500
001 1192748
003 ARRUPE
005 20131127170248.0
008 971024s1997 fr 000 1 fre
010 _a 97208445
020 _a2738453821 :
_c75F
035 _a(FrPJT)JTL00001428
040 _aDLC
_cDLC
050 0 0 _aPR9371.9H6
_bC6 1997
082 0 0 _a843
_221
100 1 _aHourantier, Marie José.
_94314
245 1 4 _aUne cour au pays du masque /
_cMarie-José Hourantier.
260 _aParis :
_bL'Harmattan,
_cc1997.
300 _a136 p. ;
_c22 cm.
906 _a7
_bcbc
_corignew
_d3
_encip
_f19
_gy-gencatlg
942 _2lcc
_cMONOGRAPH
999 _c118820
_d118820